Cambiadores de calor / (Record no. 75307)

MARC details
000 -LEADER
campo de control de longitud fija 00595nam a2200181 i 4500
001 - NÚMERO DE CONTROL
campo de control 75307
003 - IDENTIFICADOR DE NÚMERO DE CONTROL
campo de control ES-MaACL
005 - FECHA Y HORA DE LA ÚLTIMA TRANSACCIÓN
campo de control 20230906172413.0
007 - CAMPO FIJO DE DESCRIPCIÓN FÍSICA--INFORMACIÓN GENERAL
campo de control de longitud fija t|
008 - DATOS DE LONGITUD FIJA--INFORMACIÓN GENERAL
campo de control de longitud fija 040923s1968 sp ||||1| spa d
100 1# - ENTRADA PRINCIPAL--NOMBRE DE PERSONA
Nombre de persona Gregorig, Romano.
9 (RLIN) 59895
245 10 - MENCIÓN DEL TÍTULO
Título Cambiadores de calor /
Mención de responsabilidad, etc. por Romano Gregorig ; traducido por A. López de Chueca ; revisado por Miguel Angel Montemayor.
260 ## - PUBLICACIÓN, DISTRIBUCIÓN, ETC.
Lugar de publicación, distribución, etc. Bilbao :
Nombre del editor, distribuidor, etc. Urmo,
Fecha de publicación, distribución, etc. [1968]
300 ## - DESCRIPCIÓN FÍSICA
Extensión 570 p. :
Otras características físicas il. ;
Dimensiones 25 cm.
700 1# - ENTRADA AGREGADA--NOMBRE PERSONAL
Nombre de persona López de Chueca, Aurora.
9 (RLIN) 73536
700 1# - ENTRADA AGREGADA--NOMBRE PERSONAL
Nombre de persona Montemayor, Miguel Angel.
9 (RLIN) 82452
852 ## - LOCALIZACIÓN
Ubicación ES-MaACL
Número de control de estantería C-37711
Sublocalización o colección R.72415
Holdings
Estatus retirado Estado de pérdida Estado de daño No para préstamo Biblioteca de origen Biblioteca actual Ubicación en estantería Fecha de adquisición Fuente de adquisición Total de préstamos Signatura topográfica completa Código de barras Visto por última vez Precio de reemplazo Tipo de ítem Koha
        Biblioteca del Ateneo de Madrid Biblioteca del Ateneo de Madrid Depósito 2 17/01/2008     C-37711 1078822 23/02/2023 23/02/2023 Libro impreso